Library Banner

Psychological well-being and acquired communication impairments / (Record no. 104684)

MARC details
000 -LEADER
fixed length control field 00817cam a22002534a 4500
001 - CONTROL NUMBER
control field 15630000
005 - DATE AND TIME OF LATEST TRANSACTION
control field 20180510090211.0
008 - FIXED-LENGTH DATA ELEMENTS--GENERAL INFORMATION
fixed length control field 090213s2010 enka b 001 0 eng
020 ## - INTERNATIONAL STANDARD BOOK NUMBER
International Standard Book Number 9780470065433
020 ## - INTERNATIONAL STANDARD BOOK NUMBER
International Standard Book Number 0470065435
040 ## - CATALOGING SOURCE
Transcribing agency PK-LaUMT
082 00 - DEWEY DECIMAL CLASSIFICATION NUMBER
Classification number 616.85506
Edition number 22
Item number PSY-
245 00 - TITLE STATEMENT
Title Psychological well-being and acquired communication impairments /
Statement of responsibility, etc edited by Shelagh Brumfitt
260 ## - PUBLICATION, DISTRIBUTION, ETC. (IMPRINT)
Place of publication, distribution, etc Chichester, U.K. :
Name of publisher, distributor, etc Wiley-Blackwell,
Date of publication, distribution, etc 2010
300 ## - PHYSICAL DESCRIPTION
Extent xiii, 223 p. :
Other physical details ill. ;
Dimensions 23 cm.
650 #0 - SUBJECT ADDED ENTRY--TOPICAL TERM
Topical term or geographic name as entry element Communicative disorders
General subdivision Psychological aspects.
650 12 - SUBJECT ADDED ENTRY--TOPICAL TERM
Topical term or geographic name as entry element Speech Disorders
General subdivision psychology.
650 22 - SUBJECT ADDED ENTRY--TOPICAL TERM
Topical term or geographic name as entry element Mental Health.
650 22 - SUBJECT ADDED ENTRY--TOPICAL TERM
Topical term or geographic name as entry element Speech Disorders
General subdivision therapy.
650 22 - SUBJECT ADDED ENTRY--TOPICAL TERM
Topical term or geographic name as entry element Speech Therapy
General subdivision methods.
650 22 - SUBJECT ADDED ENTRY--TOPICAL TERM
Topical term or geographic name as entry element Speech Therapy
General subdivision psychology.
700 1# - ADDED ENTRY--PERSONAL NAME
Personal name Brumfitt, Shelagh.
942 ## - ADDED ENTRY ELEMENTS (KOHA)
Koha item type Books
Holdings
Withdrawn status Lost status Damaged status Home library Current library Date acquired Full call number Barcode Date last seen Price effective from Koha item type
      UMT Main Campus UMT Main Campus 2018-05-10 616.85506 PSY- 121256 2018-05-10 2018-05-10 Books